[Event "ISL-ch"]
[Site "?"]
[Date "1993.??.??"]
[Round "10"]
[White "Hjartarson, Johann"]
[Black "Bjornsson, Tomas"]
[Result "1-0"]
[WhiteElo "2605"]
[BlackElo "2290"]

1.d4 d5 2.c4 c6 3.Nc3 Nf6 4.Nf3 dxc4 5.a4 Bf5 6.e3 e6 7.Bxc4 Bb4 8.O-O Nbd7
9.Qe2 Bg6 10.e4 Bxc3 11.bxc3 Nxe4 12.Ba3 Qa5 13.Rfc1 O-O-O 14.Bb4 Qc7 15.a5 Rhe8
16.Nh4 Nd6 17.Bb3 e5 18.Nxg6 fxg6 19.a6 b6 20.Qf3 Kb8 21.Rab1 e4 22.Qh3 Nf6
23.Re1 h6 24.f3 e3 25.Bc2 g5 26.Bg6 Nf7 27.Qg3 Rd7 28.c4 Qf4 29.Qxf4+ gxf4
30.Bxf7 Rxf7 31.Bd6+ Kc8 32.Bxf4 Rfe7 33.Rb3 e2 34.Rb2 g5 35.Be5 Nd7 36.Rbxe2 c5
37.Kf2 cxd4 38.Bxd4 Rxe2+ 39.Rxe2 Rxe2+ 40.Kxe2 Nb8 41.Bxb6 Nxa6 42.Bxa7 Kd7
43.g4  1-0

[Event "Jyvaskyla op"]
[Site "Jyvaskyla"]
[Date "1993.??.??"]
[Round "6"]
[White "Shneider, Aleksandr"]
[Black "Hector, Jonny"]
[Result "1-0"]
[WhiteElo "2560"]
[BlackElo "2500"]

1.d4 d5 2.Nf3 Nf6 3.c4 c6 4.Nc3 dxc4 5.a4 Bf5 6.e3 e6 7.Bxc4 Bb4 8.O-O Nbd7
9.Nh4 Bg6 10.Be2 Nd5 11.Nxg6 hxg6 12.Qb3 Qh4 13.h3 a5 14.Na2 N7f6 15.Nxb4 axb4
16.Bd2 Ne4 17.Be1 f5 18.f3 Ng3 19.Bc4 f4 20.Bxd5 cxd5 21.Qxb4 Rc8 22.Bxg3 fxg3
23.Rfc1 Rxc1+ 24.Rxc1 Qg5 25.Rc8+ Kf7 26.Qxb7+ Kf6 27.Rc3 Qf5 28.Qc7 Ra8
29.Qxg3 Rxa4 30.Rc8  1-0

[Event "Kassel op"]
[Site "Kassel"]
[Date "1993.??.??"]
[Round "4"]
[White "Majer, Damir"]
[Black "Schmitt, Axel"]
[Result "1/2-1/2"]
[WhiteElo "2225"]
[BlackElo "2325"]

1.c4 Nf6 2.Nc3 c6 3.d4 d5 4.Nf3 dxc4 5.a4 Bf5 6.e3 e6 7.Bxc4 Bb4 8.O-O O-O
9.Qe2 Nbd7 10.Rd1 Bg6 11.Bd2 Qe7 12.Rac1 e5 13.dxe5 Nxe5 14.Nxe5 Qxe5 15.Ne4 Bxd2
16.Nxf6+ Qxf6 17.Rxd2 Qe7 18.Rcd1 Rad8 19.f3 a5 20.e4 Rfe8 21.Kh1 Kf8 22.h3 Rxd2
23.Qxd2 Ra8 24.Qd4 f6 25.Rd3 Ke8 26.Qb6 Qb4 27.Qd4 Qe7 28.Qb6 Qb4 29.Qd4 Qe7  1/2-1/2

[Event "Kecskemet"]
[Site "Kecskemet"]
[Date "1993.??.??"]
[Round "2"]
[White "Krizsany, Laszlo"]
[Black "Almasi, Istvan"]
[Result "1-0"]
[WhiteElo "2370"]
[BlackElo "2385"]

1.d4 d5 2.c4 c6 3.Nc3 Nf6 4.Nf3 dxc4 5.a4 Bf5 6.e3 e6 7.Bxc4 Bb4 8.O-O O-O
9.Nh4 Bg4 10.f3 Bh5 11.g4 Bg6 12.Ng2 Qe7 13.Qb3 a5 14.Rd1 Nbd7 15.e4 Rfd8
16.Na2 e5 17.Nxb4 axb4 18.Be3 exd4 19.Bxd4 c5 20.Bf2 Ne5 21.Nf4 Rxd1+ 22.Rxd1 Rd8
23.Be2 b6 24.Bh4 Nc6 25.Nd5 Qe5 26.Nxf6+ gxf6 27.Rxd8+ Nxd8 28.Qd5 Ne6 29.Qxe5 fxe5
30.Bf6 Nd4 31.Kf2 Nc6 32.Bb5 Na5 33.Bd8 c4 34.Bxb6 c3 35.bxc3  1-0

[Event "Kecskemet2"]
[Site "Kecskemet"]
[Date "1993.??.??"]
[Round "9"]
[White "Gyimesi, Zoltan"]
[Black "Videki, Sandor"]
[Result "1-0"]
[WhiteElo "2390"]
[BlackElo "2385"]

1.d4 d5 2.c4 c6 3.Nf3 Nf6 4.Nc3 dxc4 5.a4 Bf5 6.e3 e6 7.Bxc4 Bb4 8.O-O Nbd7
9.Nh4 O-O 10.Qb3 Qb6 11.h3 a5 12.Rd1 Bg6 13.Nxg6 hxg6 14.Qc2 c5 15.d5 Bxc3
16.dxe6 Be5 17.exd7 Rad8 18.Bb5 Bb8 19.Qd3 Qc7 20.f4 Kh8 21.b3 g5 22.Qf5 Nh7
23.Ba3 gxf4 24.exf4 b6 25.Rf1 Kg8 26.Rad1 g6 27.Qd3 Nf6 28.Bb2 Nh5 29.Be5 Qb7
30.Qd5 Qxd5 31.Rxd5 Bxe5 32.fxe5 Ng3 33.Rf6 Rb8 34.e6 Nf5 35.Rfxf5  1-0

[Event "London SCCU op"]
[Site "London"]
[Date "1993.??.??"]
[Round "2"]
[White "Murugan, Krishnamoorthy"]
[Black "Summerscale, Aaron"]
[Result "1/2-1/2"]
[WhiteElo "2410"]
[BlackElo "2345"]

1.d4 d5 2.c4 c6 3.Nc3 Nf6 4.Nf3 dxc4 5.a4 Bf5 6.e3 e6 7.Bxc4 Bb4 8.O-O Nbd7
9.Qe2 Bg6 10.Bd2 O-O 11.Rfc1 a5 12.Bd3 Qe7 13.Bxg6 hxg6 14.Nb1 Bd6 15.Na3 e5
16.dxe5 Nxe5 17.Nc4 Nxf3+ 18.Qxf3 Bc7 19.Be1 Nd5 20.g3 Nb4 21.Qe2 Rfd8 22.Rd1 Qe4
23.Bxb4 axb4 24.b3 b5 25.axb5 Rxa1 26.Rxa1 cxb5 27.Nb2 Be5 28.Rd1 Rxd1+ 29.Nxd1 Qb1
30.Qd2 Qxb3  1/2-1/2

[Event "Loosdorf op"]
[Site "Loosdorf"]
[Date "1993.??.??"]
[Round "5"]
[White "Gleizerov, Evgeny"]
[Black "Stanka, Wolfgang"]
[Result "1-0"]
[WhiteElo "2525"]
[BlackElo "2330"]

1.d4 c6 2.c4 d5 3.Nf3 Nf6 4.Nc3 dxc4 5.a4 Bf5 6.e3 e6 7.Bxc4 Bb4 8.O-O O-O
9.Nh4 Bg6 10.Qb3 Qe7 11.Nxg6 hxg6 12.Rd1 c5 13.d5 exd5 14.Nxd5 Nxd5 15.Bxd5 Na6
16.e4 Rac8 17.Qg3 Ba5 18.Bg5 Qc7 19.Bf4 Qb6 20.Bd6 Rfd8 21.Qxg6 Rd7 22.Qg4 Rcd8
23.Be5 Qh6 24.Rd3 Bc7 25.Rh3 Qxh3 26.Qxg7+  1-0

[Event "Manresa op"]
[Site "Manresa"]
[Date "1993.??.??"]
[Round "7"]
[White "Spraggett, Kevin"]
[Black "Jerez Perez, Alfonso"]
[Result "1-0"]
[WhiteElo "2565"]
[BlackElo "2250"]

1.Nf3 d5 2.d4 Nf6 3.c4 c6 4.Nc3 dxc4 5.a4 Bf5 6.e3 e6 7.Bxc4 Bb4 8.O-O Nbd7
9.Nh4 Be4 10.Nxe4 Nxe4 11.Nf3 O-O 12.Bd3 Nef6 13.e4 c5 14.e5 Nd5 15.Be4 g6
16.Qb3 Qa5 17.Ng5 h6 18.Nxe6 c4 19.Qg3  1-0

[Event "Munich op9293"]
[Site "Munich"]
[Date "1993.??.??"]
[Round "9"]
[White "Van Wely, Loek"]
[Black "Schmidt, Peter"]
[Result "1-0"]
[WhiteElo "2525"]
[BlackElo "2425"]

1.d4 d5 2.c4 c6 3.Nf3 Nf6 4.Nc3 dxc4 5.a4 Bf5 6.Ne5 Nbd7 7.Nxc4 Nb6 8.Ne5 e6
9.f3 Nfd7 10.Nd3 Qh4+ 11.Nf2 e5 12.e4 exd4 13.Ne2 O-O-O 14.exf5 Ne5 15.Ng3 Nd5
16.Qb3 Bb4+ 17.Bd2 Bxd2+ 18.Kxd2 Qf4+ 19.Kc2 d3+ 20.Kb1 Nb4 21.Nge4 Rd4 22.a5 Rhd8
23.Ra4 Qe3 24.Qc3 Rc4 25.Nd1 Qf4 26.Rxb4 Rxc3 27.Nd6+ Rxd6 28.Rxf4 Rc2 29.Re4  1-0

[Event "Oberwart op"]
[Site "Oberwart"]
[Date "1993.??.??"]
[Round "8"]
[White "Kummer, Helmut"]
[Black "Tomcsanyi, Peter"]
[Result "1/2-1/2"]
[WhiteElo "2250"]
[BlackElo "2290"]

1.d4 d5 2.c4 c6 3.Nf3 Nf6 4.Nc3 dxc4 5.a4 Bf5 6.e3 e6 7.Bxc4 Bb4 8.O-O O-O
9.Qe2 Bg4 10.Rd1 Nbd7 11.e4 Qc7 12.Bg5 h6 13.Bh4 Bxc3 14.Bg3 Qa5 15.bxc3 Qxc3
16.Bd6 Rfc8 17.a5 c5 18.a6 b6 19.Bb5 Nf8 20.Rac1 Qa5 21.h3 Bxf3 22.gxf3 c4
23.Bxc4 Qg5+ 24.Kh2 Ng6 25.Rg1 Qh5 26.Qe3 Rc6 27.Bg3 Qa5 28.Be2 Rac8 29.Rxc6 Rxc6
30.Rc1 Rxc1 31.Qxc1 Nh5 32.f4 Nf6 33.Qe3 b5 34.d5 Qxa6 35.d6 Qb7 36.e5 Nd5
37.Qd4 b4 38.f5 Nf8 39.Bc4 b3 40.Qb2 a5 41.Qxb3 Qxb3 42.Bxb3 g6 43.f3 Nb6
44.fxg6 fxg6 45.Bf2 a4 46.Bc2 Nbd7 47.f4 g5 48.Bxa4 gxf4 49.Bd4 Kf7 50.Kg2 Kg6
51.Kf3 Kg5 52.Bb5 h5 53.Ke4 Kh4 54.Kxf4 Kxh3 55.Bc6 Ng6+ 56.Ke4 Ngf8 57.Be3 Kg3
58.Kd3 h4 59.Bh6 h3 60.Bxf8 Nxf8 61.d7 Nxd7 62.Bxd7 h2 63.Bc6 Kf4 64.Be4 Kg5
65.Ke3 Kg4  1/2-1/2

[Event "Pardubice"]
[Site "Pardubice"]
[Date "1993.??.??"]
[Round "5"]
[White "Stohl, Igor"]
[Black "Hodgson, Julian M"]
[Result "1/2-1/2"]
[WhiteElo "2545"]
[BlackElo "2625"]

1.Nf3 d5 2.d4 Nf6 3.c4 c6 4.Nc3 dxc4 5.a4 Bf5 6.Ne5 e6 7.f3 Bb4 8.Bg5 c5
9.dxc5 Qa5 10.Qd4 Bxc5 11.Qxc4 O-O 12.e4 Bg6 13.Bd2 Na6 14.Nd3 Be7 15.Be2 Rfc8
16.Qb5 Qd8 17.Be3 Nd7 18.O-O  1/2-1/2

[Event "Pardubice op"]
[Site "Pardubice"]
[Date "1993.??.??"]
[Round "6"]
[White "Vokac, Marek"]
[Black "Kuporosov, Viktor"]
[Result "1/2-1/2"]
[WhiteElo "2465"]
[BlackElo "2500"]

1.d4 d5 2.c4 c6 3.Nf3 Nf6 4.Nc3 dxc4 5.a4 Bf5 6.Ne5 e6 7.f3 Bb4 8.e4 Bg6
9.Be3 Nbd7 10.Nxc4 O-O 11.Be2 b5 12.Nd2 a6 13.O-O Qb8 14.axb5 axb5 15.Qb3 Ba5
16.Kh1 Rd8  1/2-1/2

[Event "Pardubice op"]
[Site "Pardubice"]
[Date "1993.??.??"]
[Round "8"]
[White "Razuvaev, Yuri S"]
[Black "Milov, Leonid"]
[Result "1/2-1/2"]
[WhiteElo "2560"]
[BlackElo "2480"]

1.d4 d5 2.c4 c6 3.Nf3 Nf6 4.Nc3 dxc4 5.a4 Bf5 6.e3 e6 7.Bxc4 Bb4 8.O-O O-O
9.Qe2 Bg6 10.Ne5 Nbd7 11.Nxg6 hxg6 12.Rd1 Qa5 13.Bd2 Rac8 14.Bb3 e5 15.Be1 Rcd8
16.Qc2 exd4 17.Rxd4 Ne5 18.Rad1 c5 19.Rxd8  1/2-1/2

[Event "RUS-chT"]
[Site "Podolsk"]
[Date "1993.??.??"]
[Round "?"]
[White "Mishra, Neeraj Kumar"]
[Black "Markov, Jurij"]
[Result "1/2-1/2"]
[WhiteElo "2365"]
[BlackElo "2445"]

1.d4 d5 2.c4 c6 3.Nc3 Nf6 4.Nf3 dxc4 5.a4 Bf5 6.e3 e6 7.Bxc4 Bb4 8.O-O O-O
9.Qe2 Nbd7 10.e4 Bg6 11.Bd3 Re8 12.e5 Nd5 13.Bxg6 fxg6 14.Bd2 Be7 15.Ne4 h6
16.Ne1 Qb6 17.Bc3 c5 18.dxc5 Nxc5 19.Nxc5 Nxc3 20.bxc3 Qxc5 21.Qe4 Qd5 22.Qxg6 Qxe5
23.Nf3 Qf5 24.Qg3 Bf6 25.Nd4 Qd5 26.Nb5 Qc5 27.Qc7 Rac8 28.Qxc5 Rxc5 29.Nxa7 Rxc3
30.Nb5 Rc2 31.Ra3 Rd8 32.Re3 Kf7 33.Rb3 Rd7 34.g3 Ra2 35.Nc3 Bxc3 36.Rxc3 Rxa4
37.Rb1 Ra7 38.Rf3+ Ke8 39.Re3 Re7 40.Rd3 Ra6 41.Rdb3  1/2-1/2

[Event "RUS-chT"]
[Site "Podolsk"]
[Date "1993.??.??"]
[Round "?"]
[White "Gleizerov, Evgeny"]
[Black "Terentiev, Vitaly G"]
[Result "1/2-1/2"]
[WhiteElo "2555"]
[BlackElo "2400"]

1.d4 d5 2.c4 c6 3.Nf3 Nf6 4.Nc3 dxc4 5.a4 Bf5 6.e3 e6 7.Bxc4 Bb4 8.O-O O-O
9.Nh4 Bg6 10.Nxg6 hxg6 11.Qb3 Qb6 12.Rd1 c5 13.Na2 Ba5 14.Qxb6 axb6 15.b3 Nc6
16.Ba3 Rfc8 17.Rac1 Nb4 18.Nxb4 Bxb4 19.Bb2 Rd8 20.Kf1 Ne4 21.Ke2 Nd6 22.Bd3 Rac8
23.h4 Rc7 24.g3 Rcd7 25.Bb1 Nf5 26.Bd3 Nd6 27.Rh1 Nf5 28.Rhd1 Nd6 29.g4 Kf8
30.Rh1 e5 31.d5 e4 32.Bc4 f6 33.h5 gxh5 34.Rxh5 Kf7 35.Rch1 Ra8 36.Ra1 Rdd8
37.f4 exf3+ 38.Kxf3 Re8 39.Bd3  1/2-1/2

[Event "Podolsk"]
[Site "Podolsk"]
[Date "1993.??.??"]
[Round "?"]
[White "Shneider, Aleksandr"]
[Black "Chernin, Alexander"]
[Result "1/2-1/2"]
[WhiteElo "2560"]
[BlackElo "2615"]

1.d4 d5 2.Nf3 c6 3.c4 Nf6 4.Nc3 dxc4 5.a4 Bf5 6.e3 e6 7.Bxc4 Bb4 8.O-O Nbd7
9.Nh4 Bg6 10.h3 Bh5 11.Qb3 a5 12.f4  1/2-1/2

[Event "Podolsk"]
[Site "Podolsk"]
[Date "1993.??.??"]
[Round "?"]
[White "Lerner, Konstantin Z"]
[Black "Chernin, Alexander"]
[Result "1/2-1/2"]
[WhiteElo "2530"]
[BlackElo "2615"]

1.d4 d5 2.c4 c6 3.Nf3 Nf6 4.Nc3 dxc4 5.a4 Bf5 6.e3 e6 7.Bxc4 Bb4 8.O-O Nbd7
9.Nh4 Bg6 10.g3 Bh5 11.Be2 Bxe2 12.Qxe2 Qa5 13.Na2 Be7 14.b3 c5 15.Bb2 O-O
16.Rfd1 Rfc8 17.Nf3 Qb6 18.Qb5 Qc7 19.Nc3 a6 20.Qe2 cxd4 21.Nxd4 Ne5 22.Rac1 Qa5
23.Nb1 Bb4 24.Na3 Bf8 25.Nc4 Nxc4  1/2-1/2

[Event "Polanica Zdroj op"]
[Site "Polanica Zdroj"]
[Date "1993.??.??"]
[Round "7"]
[White "Jasnikowski, Zbigniew"]
[Black "Zapolskis, Antanas"]
[Result "1-0"]
[WhiteElo "2450"]
[BlackElo "2340"]

1.d4 d5 2.c4 c6 3.Nf3 Nf6 4.Nc3 dxc4 5.a4 Bf5 6.e3 e6 7.Bxc4 Bb4 8.O-O O-O
9.Nh4 Bg4 10.f3 Bh5 11.g4 Bg6 12.e4 Qe7 13.g5 Nfd7 14.Nxg6 hxg6 15.f4 Nb6
16.Bb3 c5 17.d5 c4 18.Bc2 Rd8 19.a5 Qc5+ 20.Kh1 Bxa5 21.Rxa5 Qxa5 22.f5 exf5
23.exf5 gxf5 24.g6 Rxd5 25.Qh5 fxg6 26.Qxg6 N8d7 27.Bh6 Kf8 28.Qxg7+ Ke8
29.Bg5 Qc5 30.Qg6+ Kf8 31.Bxf5  1-0

[Event "Polanica Zdroj op"]
[Site "Polanica Zdroj"]
[Date "1993.??.??"]
[Round "9"]
[White "Schmidt, Wlodzimierz"]
[Black "Zapolskis, Antanas"]
[Result "0-1"]
[WhiteElo "2440"]
[BlackElo "2340"]

1.Nf3 d5 2.d4 c6 3.c4 Nf6 4.Nc3 dxc4 5.a4 Bf5 6.e3 e6 7.Bxc4 Bb4 8.O-O O-O
9.Nh4 Bg4 10.f3 Bh5 11.g4 Bg6 12.e4 Qe7 13.Be3 Rd8 14.Qb3 c5 15.g5 Nfd7 16.d5 Ne5
17.Nxg6 hxg6 18.Rad1 Bxc3 19.Qxc3 Nxc4 20.Qxc4 Na6 21.dxe6 Qxe6 22.Qb5 Qe7
23.Kg2 Rac8 24.h4 Rc7 25.Rxd8+ Qxd8 26.Rf2 Qe7 27.Rd2 Nb4 28.Bf4 Rc6 29.b3 b6
30.Qc4 Rc8 31.a5 Rd8 32.axb6 axb6 33.Qb5 Rxd2+ 34.Bxd2 Nc2 35.Qxb6 Qd7 36.Bc3 Ne3+
37.Kg3 Qd1 38.Qb8+ Kh7 39.Qf8 Qg1+ 40.Kf4 Ng2+ 41.Ke5 Qe3 42.Ba1 Qc1 43.Qa8 Nxh4
44.Kd6 Nxf3 45.e5 Nxg5 46.Ke7 Qf1 47.Bc3 Qh3 48.Bd2 Nf3 49.Bf4 g5 50.Qe4+ Kh6
51.Kxf7 Qh5+  0-1

[Event "RL-op"]
[Site "Polch"]
[Date "1993.??.??"]
[Round "?"]
[White "Hahn, M."]
[Black "Bartz, Christian"]
[Result "1-0"]
[WhiteElo "1790"]
[BlackElo "1860"]

1.d4 d5 2.Nf3 c6 3.c4 Nf6 4.Nc3 dxc4 5.a4 Bf5 6.e3 e6 7.Bxc4 Bb4 8.O-O Nbd7
9.Qb3 Qb6 10.Ne2 c5 11.Bd2 Bxd2 12.Nxd2 O-O 13.dxc5 Nxc5 14.Qxb6 axb6 15.Nc3 Rfd8
16.Nf3 Bc2 17.Nd4 Bxa4 18.b4 e5 19.bxc5 bxc5 20.Nf3 e4 21.Nxa4 exf3 22.Nb6 fxg2
23.Rxa8 gxf1=Q+ 24.Kxf1 Rxa8 25.Nxa8 Kf8 26.Nb6 Ke7 27.Nd5+ Nxd5 28.Bxd5 b5
29.Ke2 f6 30.Bc6 b4 31.Kd3 Kd6 32.Be4 h6 33.Kc4 Ke5 34.Bb1 Kd6 35.Bg6 Kc6
36.h4 Kd6 37.h5 Kc6 38.Be4+ Kd6 39.f4  1-0

[Event "POR-chT"]
[Site "?"]
[Date "1993.??.??"]
[Round "4"]
[White "Guimaraes, Jorge"]
[Black "Rocha, Sergio"]
[Result "1-0"]
[WhiteElo "2310"]
[BlackElo "2335"]

1.d4 d5 2.Nf3 Nf6 3.c4 c6 4.Nc3 dxc4 5.a4 Bf5 6.e3 e6 7.Bxc4 Bb4 8.O-O Nbd7
9.Qe2 Bg6 10.Rd1 Qc7 11.Bd2 a5 12.Rac1 O-O 13.Bb3 Rad8 14.Be1 Rfe8 15.h3 e5
16.Nb5 Qb8 17.Bxb4 axb4 18.Nd6 Re7 19.dxe5 Nxe5 20.Nxe5 Rxe5 21.Nc4 Red5
22.Nb6 Rxd1+ 23.Rxd1 Qc7 24.a5 Ne4 25.f3 Nc5 26.Bc4 Bf5 27.Qe1 Rxd1 28.Qxd1 Be6
29.Qd4 Qe7 30.Qe5 f6 31.Bxe6+ Nxe6 32.Qb8+ Nd8 33.Kf2 h6 34.Nc4 Kf7 35.Qf4 Ne6
36.Nd6+ Kg8 37.Qxb4 Kh8 38.Qd2 Nc5 39.b4 Ne6 40.Ne4 Nc7 41.Qd6 Qf7 42.Nc5 Nd5
43.Qb8+ Kh7 44.Qxb7 Qe8 45.e4 Nf4 46.Qd7 Qb8 47.Na6 Qa8 48.Qf5+ Kh8 49.Qxf4 Qxa6
50.Qb8+ Kh7 51.Qb6 Qd3 52.a6 Qd2+ 53.Kg1 Qc1+ 54.Kh2 Qf4+ 55.Kh1 Qc1+ 56.Qg1 Qa3
57.a7 h5 58.Kh2 h4 59.Qb6  1-0

[Event "Ptuj-B"]
[Site "Ptuj"]
[Date "1993.??.??"]
[Round "9"]
[White "Zsinka, Laszlo"]
[Black "Crepan, Marjan"]
[Result "1-0"]
[WhiteElo "2325"]
[BlackElo "2300"]

1.d4 d5 2.c4 c6 3.Nf3 Nf6 4.Nc3 dxc4 5.a4 Bf5 6.e3 e6 7.Bxc4 Bb4 8.O-O Nbd7
9.Qe2 Bg6 10.Rd1 Qc7 11.Bd2 a5 12.Rac1 Rd8 13.Ng5 h6 14.Nh3 Bh5 15.f3 g5
16.e4 e5 17.Nf2 Kf8 18.Be3 Bd6 19.d5 Kg7 20.dxc6 bxc6 21.Ba2 Bc5 22.Nd3 Bxe3+
23.Qxe3 Qb7 24.h3 Bg6 25.g4 Rhe8 26.Kg2 Nf8  1-0

[Event "Pula tt"]
[Site "Pula"]
[Date "1993.??.??"]
[Round "?"]
[White "Cebalo, Miso"]
[Black "Rogic, Davor"]
[Result "1/2-1/2"]
[WhiteElo "2485"]
[BlackElo "2280"]

1.d4 d5 2.Nf3 Nf6 3.c4 c6 4.Nc3 dxc4 5.a4 Bf5 6.e3 e6 7.Bxc4 Bb4 8.O-O Nbd7
9.Nh4 Bg6 10.f4 Bh5 11.Qb3 a5 12.Nf3 O-O 13.Na2 c5 14.Nxb4 cxb4 15.Bd3 Bg6
16.Bxg6 hxg6 17.Ng5 Nb6 18.Qd3 Rc8 19.e4 Ng4 20.h3 Nf6 21.Be3 Nc4 22.Rac1 Nxb2
23.Qb3 Rc3 24.Rxc3 bxc3 25.Rc1 Qd7 26.Qxc3 Nxa4 27.Qxa5 b6 28.Qb4 Ra8 29.Kh2 Qb7
30.d5 exd5 31.e5 Nh7 32.Qd6 Nc5 33.Nxh7 Kxh7 34.Bxc5 bxc5 35.Rxc5 Qb4 36.e6 fxe6
37.Rxd5 Qxd6 38.Rxd6 Re8  1/2-1/2

[Event "ROM-chT"]
[Site "ROM"]
[Date "1993.??.??"]
[Round "3"]
[White "Puscasiu, Octavian"]
[Black "Urzica, Aurel"]
[Result "1-0"]
[WhiteElo "2325"]
[BlackElo "2370"]

1.Nf3 d5 2.d4 Nf6 3.c4 dxc4 4.Nc3 c6 5.a4 Bf5 6.e3 e6 7.Bxc4 Bb4 8.O-O O-O
9.h3 Nbd7 10.Qb3 Qb6 11.Nh4 Bg6 12.Nxg6 hxg6 13.Bd2 Rad8 14.Rfd1 e5 15.a5 Bxa5
16.Rxa5 Qxa5 17.Nd5 cxd5 18.Bxa5 dxc4 19.Qxb7 Rb8 20.Qc7 Rfc8 21.Qd6 exd4
22.Qxd4 Rc5 23.Ra1 Rd5 24.Qxc4 Rxb2 25.Bc3  1-0

[Event "Rostov"]
[Site "Rostov"]
[Date "1993.??.??"]
[Round "?"]
[White "Razuvaev, Yuri S"]
[Black "Tukmakov, Vladimir B"]
[Result "1/2-1/2"]
[WhiteElo "2525"]
[BlackElo "2605"]

1.d4 d5 2.c4 c6 3.Nf3 Nf6 4.Nc3 dxc4 5.a4 Bf5 6.e3 e6 7.Bxc4 Bb4 8.O-O Nbd7
9.Qe2 Bg6 10.e4 Bxc3 11.bxc3 Nxe4 12.Ba3 Qc7 13.Rfc1 O-O-O 14.a5 Kb8 15.Be7 Rde8
16.Bh4 f5 17.Qa2 e5 18.a6 b6 19.Be6 Nf8 20.Bb3 Nd7 21.Be6 Nf8 22.Bb3  1/2-1/2

[Event "Rostov"]
[Site "Rostov"]
[Date "1993.??.??"]
[Round "?"]
[White "Razuvaev, Yuri S"]
[Black "Smyslov, Vassily"]
[Result "1/2-1/2"]
[WhiteElo "2525"]
[BlackElo "2530"]

1.d4 d5 2.c4 c6 3.Nc3 Nf6 4.Nf3 dxc4 5.a4 Bf5 6.e3 e6 7.Bxc4 Bb4 8.O-O Nbd7
9.Qe2 Bg6 10.e4 O-O 11.Bd3 Qa5 12.e5 Nd5 13.Bxg6 fxg6 14.Ne4 c5 15.Neg5 Rae8
16.Qe4 cxd4 17.Nxd4 Nc5 18.Qh4 h6 19.Ngf3 Qd8 20.Qg4 Kh7 21.Rd1 Qd7 22.h4 a5
23.Nb5 Nf6 24.Qd4 Qxd4 25.Nbxd4 Ng4 26.Bd2  1/2-1/2

[Event "ARG-chJ"]
[Site "San Jorge"]
[Date "1993.??.??"]
[Round "2"]
[White "Churin, Leonardo"]
[Black "Rocabado, Fernando"]
[Result "1-0"]
[WhiteElo "2145"]
[BlackElo "2020"]

1.d4 d5 2.c4 c6 3.Nf3 Nf6 4.Nc3 dxc4 5.a4 Bf5 6.e3 e6 7.Bxc4 Bb4 8.O-O O-O
9.Qe2 Nbd7 10.Ne5 Nxe5 11.dxe5 Bxc3 12.bxc3 Nd5 13.Ba3 Re8 14.Rac1 Qg5 15.Qf3 h5
16.Qg3 Qh6 17.h4 Qh7 18.Rfe1 Red8 19.f3 Bd3 20.Bb3 Qh6 21.Qg5 Kh7 22.Qxh6+ Kxh6
23.Kf2 Nb6 24.c4 Bh7 25.Be7 Rd2+ 26.Re2 Rxe2+ 27.Kxe2 Bg6 28.Rd1 Re8 29.Bg5+ Kh7
30.a5 Nc8 31.Rd7 b6 32.axb6 axb6 33.Rc7 b5 34.c5  1-0

[Event "Hospitalet op"]
[Site "Sitges"]
[Date "1993.??.??"]
[Round "4"]
[White "Campos Moreno, Javier B"]
[Black "Solozhenkin, Evgeniy"]
[Result "0-1"]
[WhiteElo "2450"]
[BlackElo "2515"]

1.d4 d5 2.c4 c6 3.Nf3 Nf6 4.Nc3 dxc4 5.a4 Bf5 6.e3 e6 7.Bxc4 Bb4 8.O-O O-O
9.Nh4 Nbd7 10.h3 Bg6 11.Nxg6 hxg6 12.Qc2 Qe7 13.Rd1 Rac8 14.a5 Rfd8 15.Qb3 c5
16.a6 b6 17.Bd2 cxd4 18.exd4 Nb8 19.Be3 Bxc3 20.bxc3 Nc6 21.Bb5 Na5 22.Rxa5 bxa5
23.c4 Ne4 24.Ra1 Qb4 25.Qd3 Qc3 26.Qd1 Qb2 27.Rb1 Nc3 28.Rxb2 Nxd1 29.Rb3 a4
30.Ra3 Nb2 31.c5 Nd1 32.Rxa4 e5 33.Bf1 Nc3 34.Rb4 Nd5 35.Rb7 Nxe3 36.fxe3 exd4
37.exd4 Rxd4 38.Rxa7 Rxc5 39.Rb7 Ra5 40.Bb5 Rd1+ 41.Kh2 Kh7 42.Bc4 f6 43.Rb6 Rda1
44.Rb2 R1a4 45.Bb5 Ra3 46.Rb4 f5 47.Rh4+ Kg8 48.Rb4 Kf8 49.Bc4 R3a4 50.Rb8+ Ke7
51.Rb7+ Kf6 52.Rb6+ Kg5 53.Be2 Ra2 54.Bc4 Ra1 55.Be2 R5a2 56.Bc4 Ra4 57.Bd3 Rc1
58.Rb3 f4 59.Rb5+ Kf6 60.Rb6+ Ke5  0-1

[Event "Rilton Cup op9394"]
[Site "Stockholm"]
[Date "1993.??.??"]
[Round "1"]
[White "Eklund, Mathias"]
[Black "Wessman, Richard"]
[Result "0-1"]
[WhiteElo "2235"]
[BlackElo "2425"]

1.d4 d5 2.c4 c6 3.Nf3 Nf6 4.Nc3 dxc4 5.a4 Bf5 6.Ne5 e6 7.f3 c5 8.e4 cxd4
9.exf5 Nc6 10.Nxc6 bxc6 11.fxe6 fxe6 12.Bxc4 dxc3 13.Qxd8+ Rxd8 14.Bxe6 cxb2
15.Bxb2 Bb4+ 16.Kf1 Rd2 17.Rb1 Ke7 18.Bb3 Rhd8 19.Be5 Ng4 20.Bf4 Rf2+ 21.Kg1 Bc5
22.Rc1 Bd4 23.Bg5+ Nf6 24.Re1+ Kf8 25.Be3 Rb2 26.Bc4 Re8  0-1

[Event "SWZ-chT"]
[Site "?"]
[Date "1993.??.??"]
[Round "?"]
[White "Levacic, Damir"]
[Black "Sherwin, James T"]
[Result "0-1"]
[WhiteElo "2385"]
[BlackElo "2375"]

1.d4 d5 2.c4 c6 3.Nf3 Nf6 4.Nc3 dxc4 5.a4 Bf5 6.e3 e6 7.Bxc4 Bb4 8.O-O Nbd7
9.Nh4 Bg6 10.f3 Nd5 11.Nxg6 hxg6 12.g3 N7b6 13.Nxd5 exd5 14.Bb3 a5 15.e4 Qd7
16.Rf2 O-O 17.Be3 Qe7 18.Qd3 Rad8 19.Raf1 Rfe8 20.e5 c5 21.Qb5 Nc4 22.Bxc4 dxc4
23.Qxc4 cxd4 24.Bxd4 Qd7 25.Bb6 Rc8 26.Qd4 Qe6 27.f4 Rc6 28.Ba7 b6 29.Kg2 Bc5
30.Qe4 Bxf2 31.Rxf2 Rc7  0-1

[Event "SWZ-chT"]
[Site "?"]
[Date "1993.??.??"]
[Round "?"]
[White "Kelecevic, Nedeljko"]
[Black "Sherwin, James T"]
[Result "1-0"]
[WhiteElo "2440"]
[BlackElo "2375"]

1.d4 d5 2.Nf3 Nf6 3.c4 c6 4.Nc3 dxc4 5.a4 Bf5 6.Ne5 e6 7.f3 Bb4 8.Bg5 c5
9.dxc5 Qxd1+ 10.Kxd1 Nbd7 11.Nxc4 Bxc5 12.e4 Bg6 13.Kc2 O-O 14.Be2 Rac8 15.Rhd1 Nb6
16.Kb3 Nxc4 17.Bxc4 h6 18.Bh4 Bh7 19.g4 g5 20.Bg3 Rfd8 21.a5 a6 22.Na4 Nd7
23.Rd3 Be7 24.Rad1 Nb8 25.Nb6 Rxd3+ 26.Rxd3 Re8 27.Ka4 Nc6 28.Rd7 Bb4 29.Rc7 Bd2
30.Rxb7 Nxa5 31.Rd7 Nxc4 32.Nxc4 Bf4 33.Bxf4 gxf4 34.Nd6 Rf8 35.b4 Bg6 36.h4 h5
37.g5 f6 38.gxf6 Rxf6 39.Ka5 e5 40.Nc4 Re6 41.Rd5 Kg7 42.Rxe5 Rxe5+ 43.Nxe5 Be8
44.Nd3  1-0

[Event "Szombathely"]
[Site "Szombathely"]
[Date "1993.??.??"]
[Round "9"]
[White "Zsinka, Laszlo"]
[Black "Tomcsanyi, Peter"]
[Result "1/2-1/2"]
[WhiteElo "2350"]
[BlackElo "2275"]

1.d4 d5 2.c4 c6 3.Nf3 Nf6 4.Nc3 dxc4 5.a4 Bf5 6.e3 e6 7.Bxc4 Bb4 8.O-O O-O
9.Qe2 Bg4 10.Rd1 Nbd7 11.h3 Bxf3 12.Qxf3 a5 13.e4 e5 14.d5 Ne8 15.dxc6 bxc6
16.Qg4 Nd6 17.Bg5 Nf6 18.Qh4  1/2-1/2

[Event "Tel Aviv ASA"]
[Site "Tel Aviv"]
[Date "1993.??.??"]
[Round "9"]
[White "Penzias, Mordechai"]
[Black "Temanlis, Yoel"]
[Result "1/2-1/2"]
[WhiteElo "2230"]
[BlackElo "2285"]

1.d4 d5 2.c4 c6 3.Nf3 Nf6 4.Nc3 dxc4 5.a4 Bf5 6.e3 e6 7.Bxc4 Bb4 8.O-O O-O
9.Qe2 Bg6 10.Ne5 Nbd7 11.Nxg6 hxg6 12.Rd1 Qe7 13.e4 e5 14.d5 Nb6 15.Bb3 cxd5
16.Nxd5  1/2-1/2

[Event "Wattens op"]
[Site "Wattens"]
[Date "1993.??.??"]
[Round "?"]
[White "Hahn, Harald"]
[Black "Thielen, Dankward"]
[Result "1/2-1/2"]
[WhiteElo "1775"]
[BlackElo "1985"]

1.d4 d5 2.c4 c6 3.Nc3 Nf6 4.Nf3 dxc4 5.a4 Bf5 6.Bg5 Ne4 7.Nxe4 Bxe4 8.a5 Qd5
9.Bc1 Na6 10.Bd2 e5 11.Nxe5 Nb4 12.Rc1 Bxg2 13.Bxg2 Qxg2 14.Rf1 Be7 15.Rxc4 Nd5
16.Qb3 O-O 17.Qxb7 Rab8 18.Qxc6 Rxb2 19.Nd3 Rb1+ 20.Rc1 Rxc1+ 21.Bxc1 Qe4
22.Rg1 Qxd4 23.Bb2 Bb4+ 24.Kf1 Bc3 25.Ba3  1/2-1/2

[Event "Zalakaros op"]
[Site "Zalakaros"]
[Date "1993.??.??"]
[Round "7"]
[White "Kopjonkin, Gennady"]
[Black "Milov, Leonid"]
[Result "0-1"]
[WhiteElo "2325"]
[BlackElo "2480"]

1.d4 d5 2.c4 c6 3.Nf3 Nf6 4.Nc3 dxc4 5.a4 Bf5 6.e3 e6 7.Bxc4 Bb4 8.O-O O-O
9.Qe2 Bg6 10.Ne5 Nbd7 11.Nxg6 hxg6 12.Rd1 Qa5 13.Bd2 Rac8 14.Na2 Bxd2 15.Qxd2 Qxd2
16.Rxd2 c5 17.Bb5 Nb8 18.dxc5 Ne4 19.Rc2 a6 20.Be2 Rxc5 21.Rac1 Rfc8 22.Rxc5 Rxc5
23.Bf3 Rxc1+ 24.Nxc1 Nd6 25.a5 Nd7 26.b4 Ne5 27.Be2 Nc6 28.Na2 Kf8 29.Kf1 Ke7
30.Ke1 Kd7 31.h4 Kc7 32.Bd3 Ne5 33.Be2 Nc6 34.Kd1 Ne4 35.Bf3 Nd6 36.Kd2 Ne5
37.Be2 Ne4+ 38.Ke1 Kd6 39.f4 Nc6 40.Bf3 Nf6 41.Kd2 Nd5 42.Bxd5 exd5 43.Kc3 Ne7
44.g4 Ng8 45.Kd4 Nf6 46.g5 Ng8 47.e4 Ne7 48.f5 Nc6+ 49.Ke3 Ke5 50.exd5 Kxd5
51.Nc3+ Ke5 52.fxg6 fxg6 53.Ne4 Nxb4 54.Nc5 Nd5+ 55.Kf3 Ne7 56.Nxb7 Nc6 57.Kg4 Kd5
58.h5 gxh5+ 59.Kf5 h4  0-1

[Event "Aarhus op3"]
[Site "Aarhus"]
[Date "1994.??.??"]
[Round "4"]
[White "Jensen, Vagn"]
[Black "Pedersen, Daniel Vesterbaek"]
[Result "1/2-1/2"]
[WhiteElo "2250"]
[BlackElo "2230"]

1.d4 d5 2.c4 c6 3.Nf3 Nf6 4.Nc3 dxc4 5.a4 Bf5 6.e3 e6 7.Bxc4 Bb4 8.O-O O-O
9.Nh4 Bg4 10.f3 Bh5 11.g4 Bg6 12.Nxg6 hxg6 13.f4 Qc7 14.g5 Nfd7 15.e4 Nb6
16.Bb3 c5 17.f5 c4 18.Bc2 Nc6 19.Be3 Rad8 20.fxg6 fxg6 21.Qg4 e5 22.Qe6+ Kh7
23.Qh3+ Kg8 24.Nd5 Qd7 25.Qxd7 Nxd7 26.dxe5 Ndxe5 27.Rad1 b6 28.Kg2 Bc5 29.Bb1 Rxf1
30.Rxf1 Bxe3 31.Nxe3 Rd2+ 32.Rf2 Rxf2+ 33.Kxf2 Nb4 34.Kg3 Kf7 35.h4 Ke6 36.Ng2 Ned3
37.Nf4+ Nxf4 38.Kxf4 a6 39.e5 Nd3+ 40.Bxd3 cxd3 41.Ke3 Kxe5 42.Kxd3 Kf4 43.Kd4 Kg4
44.Kd5 Kxh4 45.Kc6 Kxg5 46.Kxb6 Kf5 47.Kxa6 g5 48.a5  1/2-1/2